K3 albums - Statistieken

Algemene statistieken
  • Deze quiz is 23 keer genomen
  • De gemiddelde score is 13 van 22
Antwoordstatistieken
Hint Antwoord % Correct
2009 Mamase
79%
2015 10000 luchtballonnen
74%
2001 Tele-Romeo
74%
2002 Verliefd
68%
2021 Waterval
68%
2000 Alle kleuren
63%
2007 Kusjes
63%
2003 Oya lele
63%
2011 Eyo
58%
2017 Love cruise
58%
1999 Parels
58%
2022 Vleugels
58%
2011 Alice in wonderland
53%
2020 Dans van de farao
53%
2004 De wereld rond
53%
2012 Engeltjes
53%
2005 Kuma he
53%
2013 Loko le
53%
2016 Ushuaia
53%
2006 Ya ya yippee
53%
2019 Dromen
47%
2018 Roller disco
42%
Geen overeenkomende quizzen gevonden
Scoreverdeling
Procent van Mensen met Elke Score
Percentiel versus Aantal Correcte Antwoorden
Uw Scoregeschiedenis
U heeft deze quiz nog niet genomen